000 00582nam a2200181Ia 4500
008 140527s9999 xx 000 0 und d
020 _a9789712350252
050 _aHF 5691
_b.Al465 2013
100 _aAltares, Priscilla S.
245 _aMathematics of investment /
_cPriscilla S. Altares, Abner A. Aquino, Rosalia R. Arao, et. Al.
260 _aManila :
_bRex Book Store,
_cc2013.
300 _a301 p. :
_c26 cm.
500 _aIncludes index and bibliographical references.
521 _aBSBA
650 _aLife insurance
_xMathematics
942 _kLOC
_cBK
999 _c117514
_d117514